| 000 | 00000nam##2200000za#4500 |
| 001 | 9.698029 |
| 003 | CaOODSP |
| 005 | 20210624235738 |
| 007 | cr ||||||||||| |
| 008 | 150407|2000||||xxc|||||o f|0| 0 eng|d |
| 040 | |aCaOODSP|beng |
| 043 | |an-cn--- |
| 086 | 1 |aSW21-65/2000E-PDF |
| 110 | 1 |aCanada. |bStatus of Women Canada. |
| 245 | 10|aDecember 6, 2000 - National Day of Remembrance and Action on Violence against Women : |h[electronic resource]|binformation kit |
| 260 | |aOttawa - Ontario : |bStatus of Women Canada |c2000. |
| 300 | |a1, 2, 3, 2, 2, 2, 2, 2, 1, 2p. |
| 563 | |aSoftcover |
| 590 | |a13-15-Supp|b2013-06-24 |
| 690 | 07|aCommemoration|2gcpds |
| 690 | 07|aViolence against women|2gcpds |
| 775 | 08|t6 décembre 2000 - Journée nationale de commémoration et d'action contre la violence faite aux femmes : |w(CaOODSP)9.642026 |
| 776 | 0#|tDecember 6, 2000: National Day of Remembrance and Action on Violence against Women : |w(CaOODSP)9.662375 |
| 776 | 0#|t6 décembre 2000: Journée nationale de commémoration et d'action contre la violence faite aux femmes : |w(CaOODSP)9.662376 |
| 856 | 40|ahttp://publications.gc.ca|qPDF|s24 KB|uhttps://publications.gc.ca/collections/Collection/SW21-65-2000-10E.pdf |
| 856 | 40|ahttp://publications.gc.ca|qPDF|s21 KB|uhttps://publications.gc.ca/collections/Collection/SW21-65-2000-9E.pdf |
| 856 | 40|ahttp://publications.gc.ca|qPDF|s30 KB|uhttps://publications.gc.ca/collections/Collection/SW21-65-2000-5E.pdf |
| 856 | 40|ahttp://publications.gc.ca|qPDF|s24 KB|uhttps://publications.gc.ca/collections/Collection/SW21-65-2000-3E.pdf |
| 856 | 40|ahttp://publications.gc.ca|qPDF|s22 KB|uhttps://publications.gc.ca/collections/Collection/SW21-65-2000-6E.pdf |
| 856 | 40|ahttp://publications.gc.ca|qPDF|s30 KB|uhttps://publications.gc.ca/collections/Collection/SW21-65-2000-7E.pdf |
| 856 | 40|ahttp://publications.gc.ca|qPDF|s20 KB|uhttps://publications.gc.ca/collections/Collection/SW21-65-2000-2E.pdf |
| 856 | 40|ahttp://publications.gc.ca|qPDF|s21 KB|uhttps://publications.gc.ca/collections/Collection/SW21-65-2000-8E.pdf |
| 856 | 40|ahttp://publications.gc.ca|qPDF|s47 KB|uhttps://publications.gc.ca/collections/Collection/SW21-65-2000-1E.pdf |
| 856 | 40|ahttp://publications.gc.ca|qPDF|s20 KB|uhttps://publications.gc.ca/collections/Collection/SW21-65-2000-4E.pdf |